000 00837cam a22002531 4500
001 sa 68000990
003 DLC
005 20260227112429.0
008 711108s1967 ii 000 0 eng
010 _asa 68000990
025 _aPL480:I-E-8952
040 _aDLC
_cDLC
_dDLC
043 _aa-ii---
050 0 0 _aKNU8275.A473
_bA924 1967
082 0 0 _a340
100 1 _aAgrawala, D. D.
245 1 0 _aGuide to revenue law in U.P., 1930 to 1966;
_ba comprehensive digest of revenue case law with exhaustive subject index and comparative tables of various reports,
_cby D. D. Agrawala and D. K. Agrawala.
250 _a[2d ed.]
260 _aLucknow,
_bEastern Book Co.
_c[1967]
300 _axv, 554 p.
_c25 cm.
350 _aRs20
650 0 _aTaxation
_zIndia
_zUttar Pradesh
_xDigests.
700 1 _aAgrawala, D. K.,
_ejoint author.
999 _c77613
_d77613